000 00834nam a2200253 i 4500
001 bg
100 1 _aStephenson, Kleber.
245 1 0 _aWindows XP :
_bskuteczne rozwiązania : największy zbiór porad i trików dla Windows XP /
_cKleber Stephenson ; [tł. Witold Zioło].
246 _iTyt. oryg.:
_aWindows XP kiler tips
260 _aGliwice :
_b"Helion",
_ccop. 2003.
300 _a268 s. :
_bfot. ;
_c24 cm.
500 _aTyt. oryg.: "Windows XP kiler tips" 2003.
650 9 _aWindows XP
655 _aPodręczniki
700 1 _aZIOŁO, Witold.
_eTł.
020 _a8373612734
040 _cBPK
041 1 _apol
_heng
080 _a004.451(07)
920 _a83-7361-273-4
942 _cKS
008 s pl f |000 0 pol
999 _c43759
_d43759
856 _uhttp://koha.tu.koszalin.pl/cgi-bin/koha/opac-detail.pl?biblionumber=43759
_yKatalog online BPK